000 00783nam a22002417a 4500
003 DO-SdBPM
005 20250523105318.0
008 151113b 2012 p | 00| 0 spa d
020 _a9786124103261
040 _aDO-SdBPM
_bspa
_cBPMSU
082 4 _a823.8
_bW671g 2012
_222
100 1 _aWilde, Oscar,
_d1854-1900.
245 1 0 _aEl gigante egoísta /
_cOscar Wilde ; ilustrado Gerson Jara Morales
260 _a Lima, Perú :
_b Editorial Educativa,
_c2012
300 _a10 p. :
_bil. ;
_c28 cm.
490 0 _a Cuentos selecotos
_v
590 _aInventariado, 2025/VM
650 4 _aCuentos Juveniles ingleses
650 4 _aLibros ilustrados para niños
700 1 _aJara Morales, Gerson
_eilustraciones
_d
910 _a VMateo V. Control de calidad. BPMSU
942 _2ddc
_cBK
999 _c15097
_d15097